LEADER 01000nam a2200241 i 4500 001 000000112698 003 CaOOAMICUS 005 20250521102557.0 008 040805s1967 it u000 u ita u 040 $aSeMil$bita 100 1 $aCarlà, Mario.$0(OLS)http://semarc/name/47177 245 10$aCibernetica e teoria dell'informazione /$cMario Carlà. 260 $aRoma :$bArmando,$c1967. 300 $a112 p. ;$c20 cm. 490 1 $aGlossari di lingua contemporanea ;$v7 650 4$aCibernetica - Lingua.$0(OLS)http://semarc/subject/57602 650 4$aTeoria dell'informazione - Lingua.$0(OLS)http://semarc/subject/57603 830 0$aGlossari di lingua contemporanea ;$v7.$0(OLS)http://semarc/title/15883 850 $aSeMil 852 $aSeMil$W1$xVenegono$y1$m1P I 45$j257296$B68418$CSeMilBibl$Z2$F85429 $81 996 $6245$aCibernetica e teoria dell'informazione$9(OLS)http://semarc/title/164325 996 $6260$aRoma :$bArmando$9(OLS)http://semarc/publisher/29857 LEADER 01410nam a2200301 i 4500 001 000000115722 003 CaOOAMICUS 005 20181107172740.0 008 030617s1999 fr u000 u fre u 013 $a88411 020 $a2-204-05922-6 040 $aSeMil$bita 100 1 $aKrumenacker, Yves.$0(OLS)http://semarc/name/48340 245 12$aL'école française de spiritualité :$bdes mystiques, des fondateurs, des courants et leurs interprètes /$cYves Krumenacker ; postface par le P. J. Dujardin. 260 $aParis :$bLes Éditions du Cerf,$c1999. 300 $a660 p. ;$c24 cm. 490 0 $aHistoire [Cerf] 600 14$aBérulle, Pierre : de .$0(OLS)http://semarc/subject/6581 650 4$aSpiritualità - Francia - Storia - Sec. 17.$0(OLS)http://semarc/subject/21228 700 1 $aDujardin, J. <1936-2018>.$0(OLS)http://semarc/name/93053 830 0$aHistoire.$0(OLS)http://semarc/title/419770 850 $aSeMil 852 $aSeMil$W1$xVenegono$y1$m2C VI 150$j71228$B71228$CSeMilBibl$Z2$F75726 $81 961 $aAcquisto: SODIS 996 $6020$a2-204-05922-6$9(OLS)http://semarc/number/99609 996 $6245$aL'école française de spiritualité :$bdes mystiques, des fondateurs, des courants et leurs interprètes$9(OLS)http://semarc/title/169563 996 $6260$aParis :$bLes Éditions du Cerf$9(OLS)http://semarc/publisher/29611